Gender in early modern German history
Αποθηκεύτηκε σε:
| Άλλοι συγγραφείς: | |
|---|---|
| Μορφή: | Βιβλίο |
| Γλώσσα: | English |
| Δημοσίευση: |
Cambridge :
Cambridge University Press,
2002.
|
| Σειρά: | Past and present publications
|
| Θέματα: | |
| Ετικέτες: |
Προσθήκη ετικέτας
Δεν υπάρχουν, Καταχωρήστε ετικέτα πρώτοι!
|
MARC
| LEADER | 00000cam a2200000 i 4500 | ||
|---|---|---|---|
| 001 | 1/79166 | ||
| 008 | 080328s2002 enk| ||| |||| ||eng|| | ||
| 020 | |a 0521813980 | ||
| 035 | |l 10095898 | ||
| 040 | |a GR-MyUa |b gre |e AACR2 | ||
| 041 | 0 | |a eng | |
| 082 | 7 | |a 305.3094309031 |2 (22) | |
| 245 | 0 | 0 | |a Gender in early modern German history / |c edited by Ulinka Rublack. |
| 260 | |a Cambridge : |b Cambridge University Press, |c 2002. | ||
| 300 | |a 308 σ. : |b εικ. ; |c 24 εκ. | ||
| 490 | 1 | |a (Past and present publications) | |
| 504 | |a Ευρετήριο: σ. 305-308. | ||
| 650 | 0 | |a Gender identity |z Germany |x History |y 16th century. | |
| 650 | 0 | |a Gender identity |z Germany |x History |y 17th century. | |
| 650 | 0 | |a Gender identity |z Germany |x History |y 18th century. | |
| 651 | 0 | |a Germany |x Social life and customs |y 16th century. | |
| 651 | 0 | |a Germany |x Social life and customs |y 17th century. | |
| 651 | 0 | |a Germany |x Social life and customs |y 18th century. | |
| 700 | 1 | |a Rublack, Ulinka, |e edtf | |
| 830 | 0 | |a Past and present publications | |
| 852 | |a INST |b LESVOS |e 20080328 |h 305.3094309031 GEN |p 005100040536 |q 005100040536 |t BK |y 0 | ||
| 901 | |a BIBL1-2008-1 | ||
| 922 | |a 1ΕΛΗ |b 200801 |c ΕΠΕΑΕΚ2/ΤΚΑ |d ΠΑΠΑΣΩΤΗΡΙΟΥ | ||
| 970 | |a ΧΑΤΖΗΜΙΧΑΗΛ |b ΜΑΡΙΑ |z 2008/03/28 | ||